000 00345nam a2200145 i 4500
001 bg
100 1 _aKOZAKOV, E. J.
245 0 _aOptimizacija dinamiceskich sistem slucajnoj struktury.
260 _aMoskva,
_c1980.
700 1 _aARTIEMIEV, A.
040 _cBPK
041 _apol
942 _cKS
008 s pl f |000 0 pol
999 _c19540
_d19540
856 _uhttp://koha.tu.koszalin.pl/cgi-bin/koha/opac-detail.pl?biblionumber=19540
_yKatalog online BPK